"Воскресение" Л. Н. Толстого

Podrobná bibliografie
Hlavní autor: Кузина Л. Н. Лия Николаевна
Další autoři: Тюнькин К. И. Константин Иванович (редактор), Краснова С.
Shrnutí:Исключено из фонда НТБ ТПУ
Jazyk:ruština
Vydáno: Москва, Художественная литература, 1978
Edice:Массовая историко-литературная библиотека
Médium: MixedMaterials Kniha
KOHA link:https://koha.lib.tpu.ru/cgi-bin/koha/opac-detail.pl?biblionumber=260390

MARC

LEADER 00000nam0a2200000 4500
001 260390
005 20231031221129.0
035 |a (RuTPU)RU\TPU\book\283338 
090 |a 260390 
100 |a 20140515d1978 m y0rusy50 ca 
101 0 |a rus 
102 |a RU 
105 |a y z 001cy 
200 1 |a "Воскресение" Л. Н. Толстого  |f Л. Н. Кузина, К. И. Тюнькин  |g под ред. С. Красновой 
210 |a Москва  |c Художественная литература  |d 1978 
215 |a 118 с. 
225 1 |a Массовая историко-литературная библиотека 
333 |a Исключено из фонда НТБ ТПУ 
700 1 |a Кузина  |b Л. Н.  |g Лия Николаевна 
701 1 |a Тюнькин  |b К. И.  |g Константин Иванович 
702 1 |a Краснова  |b С.  |4 340 
801 1 |a RU  |b 63413507  |c 20140515 
801 2 |a RU  |b 63413507  |c 20220616  |g RCR 
942 |c BK